000 00649nam a22002057a 4500
999 _c16235
_d16235
003 AR-CdUCM
008 190502b ||||| |||| 00| 0 spa d
040 _aMUNICIPALIDAD PROVINCIAL DEL CUSCO
_cBIBLIOTECA MUNICIPAL DEL CUSCO
082 _a869.152 /
_bN44 / 1946
100 _aNervo, Amado
_935562
245 _aConferencias = Discursos Miscelánea /
260 _aArgentina :
_bCalomino,
_c1946.
300 _a190 páginas ;
_c18 cm.
505 _aContenido : Discursos y conferencias -- Misceláneas ...
650 _aLiteratura
_983
650 _aArgentina
_9511
650 _aSiglo XX
_98
942 _2ddc
_cLIBROS
945 _arah
_d02/05/2019